000
00384nam a22001577a 4500
003
MPLRDC
005
20220104124353.0
008
210129b ||||| |||| 00| 0 eng d
082
_a
859.8 GLBA
100
_a
格拉比安斯基著
245
_a
猫之歌
_c
260
_a
_b
明华出版公司
_c
1982
300
_b
精
650
_a
童诗; 童谣; 谜语
942
_c
BK
_o
859.8 GLBA
999
_c
18795
_d
18785